| 000 | 01151nam a2200313 i 4500 | ||
|---|---|---|---|
| 001 | 000007419 | ||
| 003 | DO-SdBNP | ||
| 005 | 20260521073716.0 | ||
| 007 | ta | ||
| 008 | 090908s1984 dr a 001 0 spa d | ||
| 020 | _a8489525099 | ||
| 040 |
_aDO-SdBNP _bspa _cBNPHU _erda |
||
| 082 | 4 |
_a658 _bS225a _222 |
|
| 100 | 1 |
_aSang, Mu-Kien A. _d1955- _q(Mu-Kien Adriana) _eautor _9331 |
|
| 245 | 1 | 0 |
_aAdministración para el desarrollo : _bideas, personas y mercados / _cMiguel Sang Ben ; prólogo, Mercedes Pimentel de Canalda. |
| 264 |
_aSanto Domingo : _bINTEC, _c1984. |
||
| 300 |
_a183 páginas : _bilustraciones ; _c22 cm. |
||
| 336 |
_2rdacontent _atexto _btxt |
||
| 337 |
_2rdamedia _asin mediación _bn |
||
| 338 |
_2rdacarrier _avolumen _bnc |
||
| 500 | _aIncluye referencias bibliográficas y notas al pie de las páginas | ||
| 504 | _aBibliografía : p. 145 - 146 | ||
| 590 | _aInventariado, 2018/ YL | ||
| 650 | 0 |
_aAdministración industrial _95872 |
|
| 700 | 1 |
_aPimentel de Canalda, Mercedes, _eprólogo _920606 |
|
| 710 | 2 |
_aInstituto Tecnológico de Santo Domingo _978911 |
|
| 910 | _aValidado. Control de calidad MFF | ||
| 942 |
_2ddc _cLBS1 |
||
| 999 |
_c7200 _d7200 |
||